Which ad pulled best? (Record no. 72560)

MARC details
000 -LEADER
fixed length control field 00676nam a22002417i 4500
003 - CONTROL NUMBER IDENTIFIER
control field URS
005 - DATE AND TIME OF LATEST TRANSACTION
control field 20251001091313.0
008 - FIXED-LENGTH DATA ELEMENTS--GENERAL INFORMATION
fixed length control field 160610b xxu||||| |||| 00| 0 eng d
020 ## - INTERNATIONAL STANDARD BOOK NUMBER
International Standard Book Number 978007811207
040 ## - CATALOGING SOURCE
Language of cataloging eng
Transcribing agency URS
Description conventions rda
050 00 - LIBRARY OF CONGRESS CALL NUMBER
Classification number HF5823
Item number .P978 2011
100 1# - MAIN ENTRY--PERSONAL NAME
Personal name Purvis, Scott C.
Relator term author.
245 10 - TITLE STATEMENT
Title Which ad pulled best?
Statement of responsibility, etc. Scott C. Purvis.
250 ## - EDITION STATEMENT
Edition statement 10th ed.
264 #1 - PRODUCTION, PUBLICATION, DISTRIBUTION, MANUFACTURE, AND COPYRIGHT NOTICE
Place of production, publication, distribution, manufacture New York :
Name of producer, publisher, distributor, manufacturer Mc-Graw Hill Irwin,
Date of production, publication, distribution, manufacture, or copyright notice ©2011.
300 ## - PHYSICAL DESCRIPTION
Extent x, 45 pages :
Other physical details illustrations ;
Dimensions 27 cm.
336 ## - CONTENT TYPE
Content type term text
Content type code txt
Source rdacontent
337 ## - MEDIA TYPE
Media type term unmediated
Media type code n
Source rdamedia
338 ## - CARRIER TYPE
Carrier type term volume
Carrier type code nc
Source rdacarrier
650 #0 - SUBJECT ADDED ENTRY--TOPICAL TERM
Topical term or geographic name entry element Designs
650 #0 - SUBJECT ADDED ENTRY--TOPICAL TERM
Topical term or geographic name entry element Psychology
942 ## - ADDED ENTRY ELEMENTS (KOHA)
Koha item type Foreign Books
Source of classification or shelving scheme Library of Congress Classification
Holdings
Withdrawn status Source of classification or shelving scheme Damaged status Not for loan Collection code Home library Current library Shelving location Date acquired Total Checkouts Full call number Barcode Date last seen Price effective from Koha item type
  Library of Congress Classification     Non-fiction Tanay College Library Tanay College Library Reserve Section 12/22/2014   HF5823 .P978 2011 URSTAN-N1453 07/26/2022 03/10/2016 Reserved Books
  Library of Congress Classification     Non-fiction Tanay College Library Tanay College Library General Stacks 12/22/2014   HF5823 .P978 2011 URSTAN-1454 12/22/2014 03/10/2016 Reserved Books
  Library of Congress Classification     Non-fiction Tanay College Library Tanay College Library General Stacks 06/10/2016   HF5823 .P978 2011 URSTAN-1554 07/26/2022 06/10/2016 Reserved Books
  Library of Congress Classification     Non-fiction Tanay College Library Tanay College Library Reserve Section 12/22/2014   HF5823 .P978 2011 URSTAN-N1454 12/22/2014 03/10/2016 Foreign Books
  Library of Congress Classification     Non-fiction Tanay College Library Tanay College Library Reserve Section 12/22/2014   HF5823 .P978 2011 URSTAN-N1455 02/06/2024 03/10/2016 Foreign Books

University of Rizal System
Email us at univlibservices@urs.edu.ph

Visit our Website www.urs.edu.ph/library